000 01081nam a22003257a 4500
003 CHAP
005 20220817044212.0
008 080222d2003 es r 00110 spa d
010 _a94485
011 _a95457
020 _a8484761096
035 _a106083
040 _cCHAP
082 0 4 _a338.4791
_bP4 2003
100 1 _aPérez de las Heras, Mónica.
_989607
245 1 3 _aLa guía del ecoturismo, o cómo conservar la naturaleza a través del turismo
_c/por Mónica Pérez de las Heras
250 _a2 ed.
260 _aMadrid :
_bMundi-Prensa,
_c2003
300 _a290 p. :
_bilus.
590 _aBATCH-UPD
_b10
_c20130110
_lUCH01
_h1159
590 _aBATCH-UPD
_b10
_c20130410
_lUCH01
_h0742
590 _aBATCH-UPD
_b10
_c20130914
_lUCH01
_h1300
590 _aCONVERSION
_b10
_c20130109
_lUCH01
_h1352
650 1 4 _aEcoturismo.
_935298
650 1 4 _aMedio ambiente
_xConservación.
_974068
650 1 4 _aRecursos naturales
_xConservación.
901 _aBK
942 _cLIBRO
949 _a338.4791 P4 2003
_bBC
_cLIBRO
_d33724002049298
_eLIBRO
_gI.c/e
_h109083
_i106083
_si
_t$444.00
999 _c94485
_d94485